COLOUR HARMONY LOGO (Record no. 1221216)

MARC details
000 -LEADER
fixed length control field 00372nam a22001577a 4500
005 - DATE AND TIME OF LATEST TRANSACTION
control field 20260508153314.0
008 - FIXED-LENGTH DATA ELEMENTS--GENERAL INFORMATION
fixed length control field 260508b |||||||| |||| 00| 0 eng d
041 ## - LANGUAGE CODE
Source of code ENGLISH
100 ## - MAIN ENTRY--PERSONAL NAME
Personal name PAGE ONE
245 ## - TITLE STATEMENT
Title COLOUR HARMONY LOGO
250 ## - EDITION STATEMENT
Edition statement 2006
260 ## - PUBLICATION, DISTRIBUTION, ETC. (IMPRINT)
Place of publication, distribution, etc NEW DELHI
Name of publisher, distributor, etc PAGE ONE PUBLISHING
Date of publication, distribution, etc 1/12/2025
300 ## - PHYSICAL DESCRIPTION
Extent P- 225
365 ## - TRADE PRICE
Price amount 2495.00
942 ## - ADDED ENTRY ELEMENTS (KOHA)
Item type Book

No items available.